[Event "Olympiad Women 2024"]
[Site "Budapest HUN"]
[Date "2024.09.19"]
[Round "8.19"]
[Board "3"]
[White "De Rycke, Tyani"]
[Black "Exler, Veronika"]
[Result "1/2-1/2"]
[WhiteElo "2110"]
[BlackElo "2176"]
[PlyCount "57"]
[EventDate "2024.09.11"]
[WhiteTeam "Belgium"]
[BlackTeam "Austria"]
[WhiteTeamCountry "BEL"]
[BlackTeamCountry "AUT"]

1. e4 c6 2. d4 d5 3. Nc3 dxe4 4. Nxe4 Bf5 5. Ng3 Bg6 6. Nf3 Nd7 7. Bd3 e6 8. O-O Ngf6 9. c4 Be7 10. b3 ({RR} 10. Bf4 O-O 11. Re1 Re8 12. Bxg6 hxg6 13. Qc2 a5 14. Rad1 a4 15. Ne5 Qa5 16. Bd2 Qa6 17. Bg5 Rad8 18. h4 Qa5 19. Qe2 Bb4 20. Rf1 Be7 21. Rfe1 Bb4 22. Rf1 Be7 23. a3 c5 24. Nxd7 Nxd7 {½-½ Lagno,K (2530)-Vitiugov,N (2724) Gibraltar Masters 15th 2017 (6)}) ({RR} 10. Bxg6 hxg6 11. b3 Qa5 12. Bb2 Ba3 13. Qc1 Bxb2 14. Qxb2 O-O-O 15. a4 Qc7 16. b4 Nh5 17. a5 Qf4 18. Rae1 Nhf6 19. a6 b6 20. Qc2 g5 21. Qa4 Kc7 22. d5 exd5 23. cxd5 Nxd5 24. Re4 Qf6 {0-1 Oms Fuentes,L (2329)-Lorenzo de la Riva,L (2419) TCh-CAT Gp2 2024 (1.3)}) 10... O-O 11. Bb2 a5 12. a3 $146 ({RR} 12. Bxg6 hxg6 13. Qc2 a4 14. Bc3 Qc7 15. Rfe1 b5 16. Qd2 Rfd8 17. cxb5 cxb5 18. Bb4 Bxb4 19. Qxb4 Qb6 20. bxa4 Rxa4 21. Qb3 Qa5 22. Rab1 Rb8 23. Re2 Nd5 24. Rc1 Ra3 25. Qb2 Nc3 26. Rec2 b4 {0-1 Pavlovskiy,M (2254)-Ovetchkin,R (2521) Vladivostok Primorsky Debut 2014 (2)}) ({RR} 12. Bxg6 hxg6 13. Qc2 Qc7 14. Rad1 a4 15. Bc3 b5 16. Rfe1 axb3 17. axb3 bxc4 18. bxc4 Rfb8 19. Ra1 Rxa1 20. Rxa1 Qb7 21. h3 c5 22. Ne5 Rc8 23. Nxd7 Nxd7 24. Rc1 Qa6 25. Bb2 cxd4 26. Bxd4 Bg5 {0-1 Lomidze,G (1922)-Sulashvili,M (2442) Tbilisi Municipality Cup 2009 (1)}) ({RR} 12. Bxg6 hxg6 13. Ne5 a4 14. Bc3 axb3 15. axb3 Rxa1 16. Qxa1 Qb6 17. Nxd7 Nxd7 18. Qb2 Ra8 19. Ne4 Nf6 20. Nd2 Ba3 21. Qa2 Ra6 22. Qc2 Bb4 23. g3 Bxc3 24. Qxc3 Qa5 25. Qxa5 Rxa5 26. Rd1 Ra2 {0-1 Ahmadzada,A (2342)-Paichadze,L (2564) Moscow ACF Botvinnik Memorial 2018 (2.1)}) 12... c5 13. Bxg6 hxg6 14. Re1 cxd4 15. Bxd4 Qc7 16. Qe2 Rfd8 17. Ne4 Nc5 18. Nxc5 Bxc5 19. Bxc5 Qxc5 20. Qe3 b6 21. Ne5 Qxe3 22. Rxe3 Rd2 23. Kf1 Rad8 24. Re2 Rd1+ 25. Rxd1 Rxd1+ 26. Re1 Rd2 27. Re2 Rd1+ 28. Re1 Rd2 29. Re2 1/2-1/2

[Event "Olympiad Women 2024"]
[Site "Budapest HUN"]
[Date "2024.09.19"]
[Round "8.19"]
[Board "4"]
[White "Hapala, Elisabeth"]
[Black "Dierckens, Sarah"]
[Result "1-0"]
[WhiteElo "2113"]
[BlackElo "1943"]
[PlyCount "91"]
[EventDate "2024.09.11"]
[WhiteTeam "Austria"]
[BlackTeam "Belgium"]
[WhiteTeamCountry "AUT"]
[BlackTeamCountry "BEL"]

1. e4 c5 2. Nf3 d6 3. d4 cxd4 4. Nxd4 Nf6 5. Nc3 g6 6. Be3 Bg7 7. f3 a6 8. Qd2 Nbd7 9. g4 b5 10. h4 b4 ({RR} 10... Bb7 11. h5 b4 12. Nce2 e5 13. h6 Bf8 14. g5 exd4 15. Bxd4 Ne5 16. O-O-O Nfd7 17. Qxb4 Qc7 18. Bh3 Rc8 19. Nc3 Nc6 20. Qa4 Nxd4 21. Qxd4 f6 22. Kb1 Qc5 23. Qa4 Bc6 24. Qb3 Be7 25. gxf6 {½-½ Ni,H (2607)-Zvjaginsev,V (2675) CHN-RUS Summit Men 3rd 2006 (10)}) 11. Na4 Ne5 ({RR} 11... Qa5 12. b3 Nc5 13. a3 Nfxe4 14. fxe4 Nxe4 15. Qxb4 Qe5 16. O-O-O Bxg4 17. Bh3 Bxh3 18. Rxh3 O-O 19. h5 Rab8 20. Qe1 Rfc8 21. hxg6 hxg6 22. Qh4 Rxb3 23. Qh7+ Kf8 24. Bh6 {1-0 Ugorek,K (2069)-Molnar,L (1993) ch-Malopolska 2024 (3.29)}) 12. h5 Qa5 $146 ({RR} 12... Bd7 13. h6 Bf8 14. b3 a5 15. g5 Nh5 16. Rg1 Rc8 17. Be2 Bxa4 18. bxa4 Nc4 19. Bxc4 Rxc4 20. Nb5 e5 21. O-O-O Rc6 22. f4 Nxf4 23. Bxf4 exf4 24. Qd4 Rg8 25. e5 d5 26. Qxd5 {½-½ Austrup,D (2001)-Kueppers,T (1967) Dortmund Sparkassen op-A 44th 2016 (5)}) ({RR} 12... Nxf3+ 13. Nxf3 Bxg4 14. h6 Bxh6 15. Bxh6 Bxf3 16. Rh3 Bg4 17. Rh4 Bd7 18. Qxb4 Rb8 19. Qa3 Qa5+ 20. Nc3 Qxa3 21. bxa3 Rg8 22. Bg5 Ng4 23. Rxh7 Ne5 24. Be2 e6 25. O-O-O Rc8 26. Rdh1 f6 27. Bxf6 {1-0 Hnatyshyn,A (2127)-Molnar,L (1978) ch-Malopolska 2023 (6.16)}) 13. b3 Bb7 14. h6 Bf8 15. a3 Nxf3+ 16. Nxf3 Nxe4 17. Qxb4 Qxb4+ 18. axb4 Ng3 19. Rg1 Nxf1 20. Rxf1 Rc8 21. Kd2 e5 22. g5 Be7 23. Nh2 d5 24. c3 d4 25. cxd4 exd4 26. Bxd4 Bxg5+ 27. Be3 Be7 28. Nc5 Bc6 29. Bd4 O-O 30. Kc3 f5 31. Nf3 Rfd8 32. Rae1 Bf8 33. Bf6 Rd5 34. Bg5 Bb5 35. Rf2 Bd6 36. Rd2 Rxd2 37. Kxd2 a5 38. Re6 Bf8 39. Ne5 axb4 40. Ncd7 Bxd7 41. Nxd7 Bxh6 42. Bxh6 Kf7 43. Rd6 Rc3 44. Bg5 Rxb3 45. Ne5+ Kf8 46. Bf6 1-0

[Event "Olympiad Women 2024"]
[Site "Budapest HUN"]
[Date "2024.09.19"]
[Round "8.20"]
[Board "1"]
[White "Ahmed, Walijah"]
[Black "Cramling, Pia"]
[Result "0-1"]
[WhiteElo "1936"]
[BlackElo "2425"]
[PlyCount "84"]
[EventDate "2024.09.11"]
[WhiteTeam "Bangladesh"]
[BlackTeam "Sweden"]
[WhiteTeamCountry "BAN"]
[BlackTeamCountry "SWE"]

1. e4 c5 2. Nf3 e6 3. d4 cxd4 4. Nxd4 a6 5. Nc3 b5 6. Bd3 Qb6 7. Nb3 Qc7 8. Be3 Bb7 9. O-O Nf6 10. a3 d6 11. f4 Nbd7 12. Kh1 ({RR} 12. Qe2 Be7 13. Rae1 O-O 14. g4 Nc5 15. Nxc5 dxc5 16. g5 c4 17. gxf6 Bxf6 18. e5 cxd3 19. cxd3 Be7 20. Ne4 Rac8 21. Rc1 Qd7 22. b4 Rfd8 23. Bb6 Rxc1 24. Rxc1 Rc8 25. Bc5 Bxc5+ 26. bxc5 Qd4+ {½-½ Inkiov,V (2502)-Istratescu,A (2603) Niort op 1st 2004 (6)}) 12... Be7 13. Qf3 ({RR} 13. Qe1 Nc5 14. Nxc5 dxc5 15. e5 Nd5 16. Bd2 O-O 17. Rd1 Rfd8 18. Qg3 c4 19. Be2 Nxc3 20. Bxc3 Be4 21. Rc1 a5 22. Bf3 Qc6 23. Bxe4 Qxe4 24. Rce1 Qxc2 25. f5 exf5 26. e6 f6 27. Qc7 Re8 {0-1 Saksham,R (2480)-Aravindh,C (2613) IND-ch Blitz 2022 (2)}) 13... Nc5 14. Rae1 $146 ({RR} 14. Nxc5 dxc5 15. Rad1 O-O 16. Rfe1 Rfd8 17. Bf2 Rac8 18. Bg3 Qc6 19. f5 exf5 20. Qxf5 c4 21. Be2 Nxe4 22. Rxd8+ Rxd8 23. Nxe4 Qxe4 24. Qxe4 Bxe4 25. Bxc4 Bxc2 26. Bxb5 axb5 27. Rxe7 Rd1+ 28. Re1 Rxe1+ {½-½ Drabek,J (1727)-Radecki,A (1595) POL-chT U19 2nd League 2016 (4.68)}) 14... O-O 15. Bd4 Rac8 16. Qg3 Nxd3 17. cxd3 Qd8 18. Rc1 Qd7 19. Na5 Ba8 20. b4 g6 21. f5 Nh5 22. Qg4 exf5 23. exf5 Rc7 24. Bb6 Rcc8 25. Bd4 Rfd8 26. Rce1 Re8 27. Re2 Bf6 28. Rxe8+ Rxe8 29. Bxf6 Nxf6 30. Qh4 Qe7 31. h3 Nh5 32. Qxe7 Rxe7 33. Kh2 Re3 34. fxg6 hxg6 35. Rd1 Nf4 36. Ne4 f5 37. Nxd6 Bxg2 38. Kg1 Rxh3 39. Kf2 Bd5 40. Rg1 Nxd3+ 41. Ke2 Nf4+ 42. Kd2 Kh7 0-1

[Event "Olympiad Women 2024"]
[Site "Budapest HUN"]
[Date "2024.09.19"]
[Round "8.20"]
[Board "2"]
[White "Agrest, Inna"]
[Black "Nusrat Jahan, Alo"]
[Result "0-1"]
[WhiteElo "2197"]
[BlackElo "2033"]
[PlyCount "146"]
[EventDate "2024.09.11"]
[WhiteTeam "Sweden"]
[BlackTeam "Bangladesh"]
[WhiteTeamCountry "SWE"]
[BlackTeamCountry "BAN"]

1. e4 c6 2. d4 d5 3. e5 Bf5 4. g4 Be4 5. f3 Bg6 6. h4 h5 7. e6 fxe6 8. Bd3 Bxd3 9. Qxd3 Qd6 ({RR} 9... hxg4 10. Qg6+ Kd7 11. fxg4 Nf6 12. Nf3 Qe8 13. Ne5+ Kc8 14. Nf7 Rg8 15. g5 Nbd7 16. gxf6 Nxf6 17. Nc3 b5 18. Bg5 Qd7 19. O-O-O a5 20. Ne5 Qd6 21. Qf7 a4 22. Ng6 Kd7 23. Ne5+ Kc8 24. Bxf6 {1-0 Csonka,B (2479)-Matko,O (2257) Titled Tue 21st May Early 2024 (2)}) 10. Ne2 Nd7 11. Qg6+ Kd8 12. Bg5 $146 ({RR} 12. Nf4 Rh6 13. Qf7 Rf6 14. Qxg8 Rxf4 15. Bxf4 Qxf4 16. Nd2 Qe3+ 17. Kd1 Qxd4 18. c3 Qf6 19. g5 Qf5 20. Qh8 g6 21. Qd4 e5 22. Qe3 e6 23. Ke2 Bc5 24. Qd3 Kc7 25. Qxf5 exf5 26. b4 Bd6 {0-1 Liu,S-Wang,Y TCh-CHN Women League 2022 2023 (9.3)}) 12... Ngf6 13. Nd2 e5 14. O-O-O Kc7 15. c4 b6 16. Qc2 Kb7 17. dxe5 Nxe5 18. Bf4 Nfd7 19. Nb3 Qb4 20. cxd5 cxd5 21. Rd4 Qd6 22. Nc3 e6 23. Re1 g6 24. Kb1 Bg7 25. Qe2 a6 26. Ne4 Qf8 27. Ng5 Qe7 28. Rdd1 hxg4 29. Bxe5 Nxe5 30. f4 Rxh4 31. Nd4 Rah8 32. Qc2 Rh2 33. Re2 Rc8 34. Rxh2 Rxc2 35. Rxc2 Nc4 36. Ngxe6 Ne3 37. Rc7+ Qxc7 38. Nxc7 Nxd1 39. Nce6 Bxd4 40. Nxd4 g3 41. Kc2 g2 42. Nf3 Nf2 43. Ng1 Kc6 44. Kd2 Kd6 45. Ke2 Ne4 46. Kf3 Nc5 47. Kxg2 Nd3 48. Kf3 Nxb2 49. Ke3 Kc5 50. Nf3 Nd1+ 51. Kd2 Nf2 52. Ne5 Ne4+ 53. Kd3 g5 54. fxg5 Nxg5 55. Nd7+ Kc6 56. Nb8+ Kb7 57. Nd7 Ne6 58. Kc3 Kc7 59. Ne5 Kd6 60. Nf7+ Kc5 61. Ne5 d4+ 62. Kd2 Kb4 63. Kd3 b5 64. Nc6+ Kc5 65. Ne5 a5 66. Kc2 Kd5 67. Nd7 Ke4 68. Kd2 d3 69. Nb8 Nd4 70. Na6 Nf3+ 71. Kd1 Ke3 72. Nc5 Nd4 73. Nd7 Ne2 0-1

[Event "Olympiad Women 2024"]
[Site "Budapest HUN"]
[Date "2024.09.19"]
[Round "8.20"]
[Board "3"]
[White "Wadifa, Ahmed"]
[Black "Cramling Bellon, Anna"]
[Result "1/2-1/2"]
[WhiteElo "1988"]
[BlackElo "2066"]
[PlyCount "171"]
[EventDate "2024.09.11"]
[WhiteTeam "Bangladesh"]
[BlackTeam "Sweden"]
[WhiteTeamCountry "BAN"]
[BlackTeamCountry "SWE"]

1. e4 c5 2. Nf3 Nc6 3. d4 cxd4 4. Nxd4 Nf6 5. Nc3 e5 6. Ndb5 d6 7. Bg5 a6 8. Bxf6 gxf6 9. Na3 f5 10. Bd3 f4 ({RR} 10... Bg7 11. Qh5 b5 12. Nd5 Ne7 13. Qg5 Nxd5 14. Qxg7 Qf6 15. Qxf6 Nxf6 16. exf5 e4 17. Be2 Bxf5 18. c3 O-O 19. Nc2 Rab8 20. O-O-O Rb6 21. f3 Be6 22. Kb1 Rc8 23. fxe4 Nxe4 24. Rd4 d5 25. Ne3 {1-0 Istratescu,A (2617)-Sanchez,J (2496) FRA-chT1B 0708 2007 (9.1)}) 11. g3 ({RR} 11. Nd5 Rg8 12. Bf1 Bg4 13. Qd2 Rc8 14. Nc4 b5 15. Na3 Be7 16. Rg1 Kf8 17. Be2 Nd4 18. Bxg4 Rxg4 19. O-O-O f3 20. gxf3 Bg5 21. f4 Rxg1 22. Rxg1 Nf3 23. fxg5 Nxd2 24. Kxd2 b4 {0-1 Shreyas,A (1061)-Krassilnikov,E (2381) Sveshnikov Memorial op blitz 2021 (5)}) 11... Rg8 12. Nd5 Bh6 $146 ({RR} 12... Nd4 13. Be2 Bh6 14. c3 Nxe2 15. Qxe2 Be6 16. Rd1 Kf8 17. O-O Rg6 18. Kh1 Rc8 19. c4 Bg5 20. Nb1 Kg7 21. Nbc3 h5 22. Rg1 f3 23. Qxf3 Bg4 24. Qd3 Rf6 25. Nxf6 Qxf6 26. h4 Bf3+ 27. Kh2 {1-0 Thoren,P (2215)-Engsner,N SWE-chT 9394 1993 (2)}) ({RR} 12... Bh3 13. c3 Rc8 14. Nc4 Qg5 15. Ncb6 Rb8 16. Qa4 fxg3 17. hxg3 Bh6 18. Ne3 Bd7 19. O-O-O Qf6 20. f4 Rxg3 21. Nbd5 Qg6 22. Nf5 Bxf4+ 23. Kb1 Nd4 24. Qa5 Nxf5 25. exf5 Bxf5 26. Qc7 Bxd3+ 27. Ka1 {0-1 Przybylski,W (2170)-Szromba,K (2031) POL-ch U16 Zakopane 2001 (11)}) ({RR} 12... Nd4 13. Be2 Bh6 14. c3 Nxe2 15. Qxe2 Bg4 16. f3 Be6 17. Rd1 Rc8 18. Nc4 Bf8 19. Kf2 b5 20. Na3 Qg5 21. Rdg1 Qh6 22. h4 fxg3+ 23. Rxg3 Rxg3 24. Kxg3 Bxd5 25. exd5 Qf4+ 26. Kg2 Be7 27. Qe1 {0-1 Graf,A (1887)-Winter,P Verbandsliga Suedbaden 1617 2016 (9.7)}) 13. c3 Rg6 14. Nc4 b5 15. Ncb6 Rb8 16. Nxc8 Qxc8 17. a4 b4 18. Bxa6 Qh3 19. Bf1 Qc8 20. Bb5 fxg3 21. hxg3 bxc3 22. bxc3 Kf8 23. Bxc6 Qxc6 24. Qe2 f5 25. Qf3 f4 26. O-O Ra8 27. Rfb1 Bg5 28. Kh2 Kg7 29. a5 Bd8 30. a6 Rxa6 31. Nb4 Rxa1 32. Nxc6 Rxb1 33. Nxd8 Rb8 34. Nc6 Rf8 35. g4 Rg5 36. Ne7 h5 37. Nf5+ Kf6 38. gxh5 d5 39. Nh4 Rh8 40. exd5 Rgxh5 41. d6 Rxh4+ 42. Kg2 Rh2+ 43. Kf1 Ke6 44. Qc6 Rd8 45. d7+ Ke7 46. Qe4 Ke6 47. Kg1 Rhh8 48. Qc6+ Ke7 49. Qc5+ Ke6 50. Qc4+ Kd6 51. Qd3+ Ke6 52. c4 Rhg8+ 53. Kf1 Rxd7 54. Qh3+ Kd6 55. c5+ Kc7 56. Qe6 Rf8 57. Qxe5+ Kc6 58. Qe6+ Kc7 59. Qb6+ Kc8 60. Qa6+ Kd8 61. Qa5+ Rc7 62. Qa8+ Ke7 63. Qe4+ Kd8 64. c6 Rff7 65. Qd4+ Ke7 66. Qe5+ Kf8 67. Qh8+ Ke7 68. Qe5+ Kf8 69. Qd6+ Kg8 70. Ke2 Rc8 71. Qe6 Rcc7 72. Qg6+ Kf8 73. Qd6+ Kg7 74. Kd3 Rc8 75. Qe5+ Kg8 76. Qe6 Rcc7 77. Kc4 Kg7 78. Qe5+ Kg6 79. Qd6+ Kg5 80. Kc5 Rce7 81. Kb6 Kg4 82. Qd1+ f3 83. Qg1+ Kf4 84. Qc1+ Kg4 85. Qg1+ Kf4 86. Qc1+ 1/2-1/2

[Event "Olympiad Women 2024"]
[Site "Budapest HUN"]
[Date "2024.09.19"]
[Round "8.20"]
[Board "4"]
[White "Zaritovskaja, Margarita"]
[Black "Hamid, Rani"]
[Result "0-1"]
[WhiteElo "2009"]
[BlackElo "1900"]
[PlyCount "98"]
[EventDate "2024.09.11"]
[WhiteTeam "Sweden"]
[BlackTeam "Bangladesh"]
[WhiteTeamCountry "SWE"]
[BlackTeamCountry "BAN"]

1. e4 c5 2. Nf3 e6 3. d4 cxd4 4. Nxd4 a6 5. Bd3 Nf6 6. O-O d6 7. c4 Be7 8. Nc3 Nc6 9. Be3 O-O 10. f4 ({RR} 10. Rc1 Bd7 11. Re1 Nxd4 12. Bxd4 Bc6 {½-½ Sax,G (2590)-Gheorghiu,F (2540) Warsaw Zonal final 1979 (6)}) 10... e5 ({RR} 10... Bd7 11. Qf3 Rb8 12. g4 Nxd4 13. Bxd4 Bc6 14. g5 Nd7 15. Qh3 b5 16. Nd5 bxc4 17. Nxe7+ Qxe7 18. Bc2 e5 19. Bc3 exf4 20. Bxg7 Kxg7 21. Qh6+ Kh8 22. e5 f5 23. exf6 Qe3+ 24. Rf2 Be4 25. Qg7# {1-0 Streltsov,A (2341)-Begunov,K (2325) Titled Tue 21st Nov Early 2023 (8)}) 11. Nf5 Bxf5 12. exf5 exf4 $146 ({RR} 12... Re8 13. Nd5 Nxd5 14. cxd5 exf4 15. dxc6 fxe3 16. cxb7 Rb8 17. Bxa6 d5 18. Qe2 Bd6 19. Rfd1 Qh4 20. g3 Qe4 21. Rac1 h5 22. Rc8 h4 23. Qg2 Qa4 24. Qe2 hxg3 25. hxg3 Bxg3 26. Kg2 Bd6 27. Rxd5 {½-½ Kravtsiv,M (2448)-Deviatkin,A (2541) Voronezh op-A 11th 2007 (3)}) 13. Rxf4 Rc8 14. Qe2 Re8 15. Rd1 Ne5 16. h3 Nfd7 17. Re4 Bf8 18. Nd5 Nxd3 19. Qxd3 Re5 20. Rf1 Qe8 21. Rg4 Rxd5 22. cxd5 Ne5 23. Qe2 Nxg4 24. hxg4 Qe4 25. Qf3 Re8 26. Bf4 Qd4+ 27. Rf2 Re4 28. Kh2 Qxd5 29. f6 gxf6 30. Re2 Rd4 31. Qe3 Qc4 32. g3 d5 33. Qf2 Re4 34. Rc2 Qb5 35. b3 d4 36. Qf3 Re1 37. Rf2 d3 38. Bd2 Re2 39. Qxf6 Rxf2+ 40. Qxf2 Qe5 41. Qf3 Qd4 42. Qxb7 Qxg4 43. Qd5 Qe2+ 44. Qg2 Qg4 45. Qd5 Qg6 46. Kg2 h5 47. Bf4 h4 48. Qd8 hxg3 49. Bd6 Qxd6 0-1

[Event "Olympiad Women 2024"]
[Site "Budapest HUN"]
[Date "2024.09.19"]
[Round "8.21"]
[Board "1"]
[White "Koskela, Niina"]
[Black "Corrales Jimenez, Zenia"]
[Result "0-1"]
[WhiteElo "2173"]
[BlackElo "2170"]
[PlyCount "138"]
[EventDate "2024.09.11"]
[WhiteTeam "Norway"]
[BlackTeam "Mexico"]
[WhiteTeamCountry "NOR"]
[BlackTeamCountry "MEX"]

1. e4 {Bulletin} c5 2. Nf3 d6 3. d4 cxd4 4. Nxd4 Nf6 5. Nc3 g6 6. Be2 Bg7 7. Be3 Nc6 8. Nb3 O-O 9. O-O Be6 10. f4 b5 ({RR} 10... Na5 11. f5 Bc4 12. Nxa5 Bxe2 13. Qxe2 Qxa5 14. g4 Rac8 15. g5 Rxc3 16. gxf6 Rxe3 17. Qxe3 Bxf6) ({RR} 10... Qc8 11. h3 Rd8 12. Bf3 Bc4 13. Rf2 e5 14. Rd2 Qe6 15. Nd5 exf4 16. Nd4 Nxd4 17. Bxd4 Bxd5 18. exd5 Qf5) 11. Bf3 ({RR} 11. f5 b4 ({RR} 11... Bxb3) 12. fxe6 bxc3 13. exf7+ Kh8 14. bxc3 Ne5 ({RR} 14... Nxe4 15. Bf3 Nxc3 16. Qd2) 15. Bd4 Nxe4 16. Bf3 Nxf3+ 17. Qxf3 Nf6 18. Rad1 Qc8 ({RR} 18... Rxf7 19. Nc5 dxc5 20. Bxf6 Qe8 21. Bxg7+ Kxg7 22. Qd5) 19. Bxf6 Bxf6 20. Rxd6 Rxf7 21. Rc6 Qe8 22. Qe4 Rd8 23. g3 Bg7 24. Qe6 Rxf1+ 25. Kxf1 Bf6 {1-0 Spassky,B (2630)-Miles,A (2565) Bugojno 1978 (15)}) ({RR} 11. Bxb5 Ng4) 11... Rc8 ({RR} 11... b4 12. Nd5 Bd7 13. Kh1 Nxd5 14. exd5 Na5 15. Bd4 Nxb3 16. axb3 a5 17. Bxg7 Kxg7 18. Qd4+ Kg8 19. Rfe1 Bf5 20. c4 bxc3 21. bxc3 Qd7 22. Ra3 Rfb8 23. Be4 Bxe4 24. Qxe4 Qc7 25. Qe3 Qb7 26. Qd4 {0-1 Wang,F (1921)-Ren,Y (1755) ch-CHN Personal GpB m 2024 (10.19)}) 12. Kh1 $146 ({RR} 12. Nd5 Bd7 13. c3 Nxd5 14. exd5 Na5 15. Bxa7 Nc4 16. Qe2 b4 17. cxb4 Bxb2 18. Rab1 Bf6 19. Bd4 Na3 20. Bxf6 exf6 21. Nd4 Nxb1 22. Rxb1 Qb6 23. Qf2 Ra8 24. b5 Rxa2 25. Qxa2 Qxd4+ 26. Qf2 Qd3 {½-½ Zinn,L-Kivipelto,K EU-chT 05th Group3 1971 (4)}) ({RR} 12. Nd5 Nd7 13. c3 Nb6 14. Nxb6 axb6 15. Nd4 Nxd4 16. cxd4 f5 17. e5 dxe5 18. dxe5 g5 19. g3 gxf4 20. gxf4 Qxd1 21. Bxd1 Bd5 22. Bxb6 Rc6 23. Bf2 Bxe5 24. fxe5 Rg6+ 25. Bg3 f4 26. Bb3 Bxb3 {½-½ Engsner,J (2200)-Thorsteinsson,T (2290) Rilton Cup 18th 1988}) ({RR} 12. Rf2 b4 13. Nb5 a6 14. N5d4 {½-½ Lagerman,R (2325)-Thorsteinsson,T (2310) ISL-ch Arborg 1998 (2)}) 12... a6 13. Bg1 Nd7 14. Nd4 Bc4 15. Re1 Nxd4 16. Bxd4 e5 17. fxe5 Nxe5 18. a3 a5 19. Rc1 b4 20. axb4 axb4 21. Ne2 Qg5 22. Ra1 h5 23. Ng1 Ra8 24. Rxa8 Rxa8 25. Be2 Rc8 26. c3 bxc3 27. Bxc3 Bxe2 28. Qxe2 Ng4 29. Bxg7 Kxg7 30. Nf3 Qf4 31. g3 Qf6 32. Kg2 Rb8 33. Rb1 Rb3 34. h4 Re3 35. Qf1 Rxe4 36. Kh1 Re3 37. Ng5 Rxg3 38. Qxf6+ Nxf6 39. b4 Rc3 40. b5 Rc7 41. Kg2 d5 42. Nf3 Nd7 43. Kf2 Nb6 44. Ke3 Kf6 45. Kd3 Kf5 46. Rf1 Kf6 47. Ra1 Ke7 48. Ra6 Nd7 49. Ra2 Nf8 50. b6 Rc6 51. Rb2 Rc8 52. b7 Rb8 53. Ne5 Kd6 54. Nxf7+ Kc7 55. Kd4 Rxb7 56. Rc2+ Kd7 57. Kxd5 Rb5+ 58. Ke4 Rb4+ 59. Ke3 Rxh4 60. Ne5+ Kd6 61. Nf3 Ra4 62. Rd2+ Ke7 63. Rg2 Kf6 64. Ng5 Nd7 65. Ne4+ Kg7 66. Rb2 Ne5 67. Rb7+ Kh6 68. Kf4 Nd3+ 69. Ke3 Rxe4+ 0-1

[Event "Olympiad Women 2024"]
[Site "Budapest HUN"]
[Date "2024.09.19"]
[Round "8.21"]
[Board "2"]
[White "Miranda Rodriguez, Tania"]
[Black "Stanford, Sheila Barth"]
[Result "1-0"]
[WhiteElo "2090"]
[BlackElo "2175"]
[PlyCount "111"]
[EventDate "2024.09.11"]
[WhiteTeam "Mexico"]
[BlackTeam "Norway"]
[WhiteTeamCountry "MEX"]
[BlackTeamCountry "NOR"]

1. e4 c5 2. Nf3 d6 3. d4 cxd4 4. Nxd4 Nf6 5. Nc3 a6 6. Bg5 Nbd7 7. Bc4 Qb6 8. Bb3 e6 9. Bxf6 Nxf6 10. Qd2 Be7 ({RR} 10... g6 11. O-O-O Bg7 12. Kb1 O-O 13. f4 Bd7 14. f5 exf5 15. exf5 Rae8 16. fxg6 hxg6 17. Rhf1 a5 18. Qd3 Kh7 19. h3 Qc5 20. Nf3 Bc6 21. Qxd6 Qxd6 22. Rxd6 Kh6 23. a4 Ne4 24. Nxe4 Rxe4 25. Nd2 {½-½ Matlakov,M (2683)-Korobov,A (2685) Yasnaya Polyana Tolstoy Memorial rapid 2021 (6)}) 11. O-O-O O-O 12. f4 Bd7 13. Kb1 $146 ({RR} 13. g4 Nxg4 14. Rhg1 Bf6 15. h3 Bxd4 16. Qxd4 Qxd4 17. Rxd4 Nf6 18. Rxd6 Bc6 19. f5 Ne8 20. Rd3 exf5 21. exf5 Rc8 22. h4 h6 23. Rdg3 Kh7 24. Ne2 Be4 25. Nd4 Rc5 26. c3 Kh8 27. Bc2 Bxc2 {½-½ Petrov,N (2571)-Tsvetkov,A (2404) Cheliabinsk Variant Gp-A 2021 (4)}) ({RR} 13. e5 Ne8 14. Rhe1 dxe5 15. Nf5 exf5 16. Qxd7 Bc5 17. Rxe5 Nf6 18. Qxf5 Bd6 19. Re2 Rad8 20. Red2 Bb4 21. Rxd8 Rxd8 22. Nd5 Nxd5 23. Bxd5 Qe3+ 24. Kb1 Kh8 25. a3 Bd2 26. Bxb7 Qe7 27. Qe4 Qf6 {1-0 Indriunas,M (2314)-Rekuc,P (2107) 8th Irena Warakomska Mem 2024 (9.16)}) ({RR} 13. g4 Rfc8 14. g5 Ne8 15. f5 Kh8 16. fxe6 fxe6 17. Bxe6 Bxe6 18. Nxe6 Qa5 19. Qd5 b5 20. Rd3 Nc7 21. Nxc7 Qxc7 22. a3 Qc5 23. h4 Rf8 24. Kb1 Rac8 25. Qxc5 Rxc5 26. Nd5 Bd8 27. Ne3 Re5 {1-0 Vasquez Schroeder,R (2475)-Salemgareev,T (2453) Titled Tue 23rd Apr Early 2024 (5)}) 13... Bc6 14. Rhe1 Rfd8 15. Qe3 Nd7 16. g4 Nc5 17. f5 Nxb3 18. axb3 Bf6 19. fxe6 fxe6 20. Nxe6 Qxe3 21. Rxe3 Rd7 22. Nd5 Re8 23. Nec7 Rf8 24. Rf1 Bxd5 25. Nxd5 Be5 26. Rxf8+ Kxf8 27. Rf3+ Rf7 28. Rxf7+ Kxf7 29. h3 Kg6 30. Ne3 Bd4 31. Ng2 Kf6 32. c3 Bf2 33. Kc2 Ke5 34. Kd3 b5 35. Ke2 Bb6 36. Kf3 Bd8 37. Nf4 Bg5 38. Nd5 Bc1 39. Nb4 Kf6 40. Nxa6 Bxb2 41. Nc7 Kg5 42. Nxb5 Kh4 43. Kg2 g6 44. Nd4 Kg5 45. Ne2 h5 46. Kg3 hxg4 47. hxg4 Kf6 48. Kf4 g5+ 49. Ke3 Ke5 50. Kd3 d5 51. exd5 Kxd5 52. b4 Ba3 53. c4+ Ke5 54. Kc3 Ke4 55. Kb3 Kd3 56. Kxa3 1-0

[Event "Olympiad Women 2024"]
[Site "Budapest HUN"]
[Date "2024.09.19"]
[Round "8.21"]
[Board "3"]
[White "Ni, Viktorija"]
[Black "Mendez Tovar, Yessica Yissel"]
[Result "1-0"]
[WhiteElo "2163"]
[BlackElo "2004"]
[PlyCount "63"]
[EventDate "2024.09.11"]
[WhiteTeam "Norway"]
[BlackTeam "Mexico"]
[WhiteTeamCountry "NOR"]
[BlackTeamCountry "MEX"]

1. d4 {ChessBase II} Nf6 2. c4 c5 3. d5 g6 4. Nc3 Bg7 5. e4 d6 6. f4 O-O 7. Nf3 e6 8. Be2 exd5 9. cxd5 a6 10. a4 Bg4 11. O-O ({RR} 11. h3 Bxf3 12. Bxf3 Nbd7 13. g4 h6 14. h4 Nh7 15. Kf2 c4 16. Be3 Rc8 17. Bd4 Nc5 18. Bxg7 Nd3+ 19. Kg3 Kxg7 20. Qd2 g5 21. Ne2 Qf6 22. hxg5 hxg5 23. Rh5 gxf4+ 24. Nxf4 Qxf4+ 25. Qxf4 Nxf4 {0-1 Gurevich,D (2425)-Gheorghiu,F (2545) US Open-82 Palo Alto 1981 (12)}) ({RR} 11. Bd2 Nbd7 12. O-O Re8 13. h3 Bxf3 14. Bxf3 c4 15. Be3 Rc8 16. Bd4 Nc5 17. Bxc5 Rxc5 18. Re1 Nd7 19. a5 Rxa5 20. Rxa5 Qxa5 21. Qc2 b5 22. Ne2 Qb4 23. Rb1 Nc5 24. Nc3 Qb3 25. Qxb3 Nxb3 {0-1 Al-Blooshi,H (2162)-Palencia,W (2168) Titled Tue 25th Jun Late 2024 (1)}) 11... Bxf3 12. Bxf3 Nbd7 13. Re1 Ne8 $146 ({RR} 13... Re8 14. a5 Qc7 15. Be3 c4 16. Na4 Rab8 17. Ba7 Ra8 18. Bd4 Rab8 19. Nb6 Nc5 20. e5 Nfd7 21. Nxc4 dxe5 22. d6 Qd8 23. fxe5 Ne6 24. Bc3 Qg5 25. Nd2 Nxe5 26. Ne4 Qf4 27. Bxe5 Bxe5 28. g3 {0-1 Rivero,C (2065)-Cardona Oramas,L (2075) Havana Guines 2000 (6)}) ({RR} 13... Re8 14. Be3 Rb8 15. Qd3 h5 16. h3 Nh7 17. e5 dxe5 18. f5 e4 19. Bxe4 g5 20. Rad1 Ne5 21. Qc2 g4 22. f6 Nxf6 23. Bg5 Qd6 24. h4 b5 25. axb5 axb5 26. Rf1 Nxe4 27. Nxe4 Qg6 28. Nf6+ {½-½ Navarro Nicolas,V-Ubilava,E (2525) Alcobendas op 1994 (1)}) ({RR} 13... Re8 14. Be3 b6 15. Bf2 c4 16. a5 b5 17. Bd4 Qc7 18. Kh1 Nc5 19. Bxc5 Qxc5 20. e5 dxe5 21. fxe5 Nd7 22. e6 Ne5 23. Ne4 Qb4 24. Ng5 fxe6 25. dxe6 Rad8 26. Bd5 Qc5 27. Rxe5 Bxe5 28. Qf3 {0-1 Chiku Ratte,O (1916)-Libersan,T (2113) Quebec-ch Elite qual 2010 (4)}) 14. Bg4 Nef6 15. Bf3 Ne8 16. Be3 Rb8 17. Bf2 b5 18. axb5 axb5 19. Ra6 Rb6 20. Ra7 Nc7 21. Bg4 Qb8 22. Ra1 f5 23. Bh3 Ra6 24. Rxa6 Nxa6 25. exf5 gxf5 26. Re7 Nb6 27. Qh5 Qc8 28. Qg5 Rf7 29. Rxf7 Kxf7 30. Bxf5 Qe8 31. Be6+ Kf8 32. Qf5+ 1-0